000
00246nam a2200121Ia 4500
003
SGT
082
_a
658,TRI
245
_a
PRINCIPLES OF MANAGEMENT
260
_b
TMH
_a
N.Delhi
_c
2012
300
_a
454p.
650
_a
MANAGEMENT
942
_2
ddc
_c
FCM
_0
5
999
_c
6274
_d
6274